|
|
|
|
| LEADER |
03049nam a2200661 4500 |
| 001 |
ocn808628446 |
| 003 |
OCoLC |
| 005 |
20170124071658.6 |
| 006 |
m o d |
| 007 |
cr ||||||||||| |
| 008 |
120827s2012 nju ob 001 0 eng |
| 010 |
|
|
|a 2012035104
|
| 040 |
|
|
|a DLC
|b eng
|e rda
|c DLC
|d N$T
|d EBLCP
|d TEFOD
|d OCLCF
|d DEBSZ
|d UKDOC
|d TOH
|d IDEBK
|d DEBBG
|d TEFOD
|d DG1
|d GrThAP
|
| 019 |
|
|
|a 826455101
|
| 020 |
|
|
|a 9781119204022
|q electronic bk.
|
| 020 |
|
|
|a 111920402X
|q electronic bk.
|
| 020 |
|
|
|z 9781118508756
|
| 020 |
|
|
|z 1118508750
|
| 020 |
|
|
|z 9781118508749
|
| 020 |
|
|
|z 1118508742
|
| 020 |
|
|
|z 9781118516959
|
| 020 |
|
|
|z 1118516958
|
| 020 |
|
|
|z 9781118464205 (hbk.)
|
| 029 |
1 |
|
|a DEBBG
|b BV041052576
|
| 029 |
1 |
|
|a DEBSZ
|b 397453884
|
| 029 |
1 |
|
|a AU@
|b 000052918220
|
| 029 |
1 |
|
|a DEBBG
|b BV042744484
|
| 029 |
1 |
|
|a DEBBG
|b BV041906705
|
| 029 |
1 |
|
|a DEBBG
|b BV043395016
|
| 035 |
|
|
|a (OCoLC)808628446
|z (OCoLC)826455101
|
| 037 |
|
|
|a DFA28FDB-C4D8-42E9-A095-605FF52843DF
|b OverDrive, Inc.
|n http://www.overdrive.com
|
| 042 |
|
|
|a pcc
|
| 050 |
0 |
0 |
|a HG4636
|
| 072 |
|
7 |
|a BUS
|x 036000
|2 bisacsh
|
| 082 |
0 |
0 |
|a 332.63/2042
|2 23
|
| 049 |
|
|
|a MAIN
|
| 100 |
1 |
|
|a Bulkowski, Thomas N.,
|d 1957-
|
| 245 |
1 |
0 |
|a Fundamental analysis and position trading :
|b evolution of a trader /
|c Thomas N. Bulkowski.
|
| 264 |
|
1 |
|a Hoboken :
|b WILEY,
|c 2012.
|
| 300 |
|
|
|a 1 online resource.
|
| 336 |
|
|
|a text
|2 rdacontent
|
| 337 |
|
|
|a computer
|2 rdamedia
|
| 338 |
|
|
|a online resource
|2 rdacarrier
|
| 490 |
0 |
|
|a Wiley trading series
|
| 504 |
|
|
|a Includes bibliographical references and index.
|
| 505 |
0 |
|
|a Preface -- Acknowledgments -- Introduction to buy-and-hold -- Stock selection -- Book value -- Capital spending -- Cash flow -- Dividends -- Long term debt -- Price to earnings ratio -- Price to sales ratio -- Return on shareholders' equity -- Shares outstanding -- Fundamental analysis summary -- How to double your money -- Finding 10-baggers -- Trading 10-baggers -- Selling buy-and-hold -- Fundamentals : what I use -- Introduction to position trading -- Getting started in position trading -- Ten factors make chart patterns work -- Three winning trades and a funeral -- What not to do : three botched trades -- What we learned -- Bibliography -- About the author -- Index.
|
| 588 |
|
|
|a Description based on print version record and CIP data provided by publisher.
|
| 650 |
|
0 |
|a Stocks
|x Prices.
|
| 650 |
|
0 |
|a Price-earnings ratio.
|
| 650 |
|
0 |
|a Dividends.
|
| 650 |
|
7 |
|a BUSINESS & ECONOMICS
|x Investments & Securities
|x General.
|2 bisacsh
|
| 650 |
|
7 |
|a Dividends.
|2 fast
|0 (OCoLC)fst00895729
|
| 650 |
|
7 |
|a Price-earnings ratio.
|2 fast
|0 (OCoLC)fst01076205
|
| 650 |
|
7 |
|a Stocks
|x Prices.
|2 fast
|0 (OCoLC)fst01133725
|
| 655 |
|
4 |
|a Electronic books.
|
| 776 |
0 |
8 |
|i Print version:
|a Bulkowski, Thomas N., 1957-
|t Fundamental analysis and position trading
|d Hoboken, N.J. : Wiley, c2013
|z 9781118464205
|w (DLC) 2012032676
|
| 856 |
4 |
0 |
|u https://doi.org/10.1002/9781119204022
|z Full Text via HEAL-Link
|
| 994 |
|
|
|a 92
|b DG1
|